Roald Dahl's Children Stories Quiz Stats

Quiz not verified by Sporcle

Challenge
Share
Tweet
Embed
Score 0/17 Timer 10:00
0 Plays Today
% Correct
Charlie and the Chocolate Factory
83.2%
The BFG
76.8%
Matilda
76.8%
The Twits
70.4%
The Witches
68.8%
Charlie and the Great Glass Elevator
60.8%
Fantastic Mr Fox
48%
Danny, the Champion of the World
47.2%
Esio Trot
39.2%
% Correct
George's Marvellous Medicine
36.8%
The Magic Finger
32%
The Giraffe and the Pelly and Me
32%
The Enormous Crocodile
22.4%
The Gremlins
14.4%
The Vicar of Nibbleswicke
4.8%
James and the Gaint Peach
3.2%
The Minipins
2.4%

You're not logged in!

Compare scores with friends on all Sporcle quizzes.
Join for Free
OR
Log In

You Might Also Like...

Show Comments

Extras

Top Quizzes Today


Score Distribution

Your Account Isn't Verified!

In order to create a playlist on Sporcle, you need to verify the email address you used during registration. Go to your Sporcle Settings to finish the process.

Report this User

Report this user for behavior that violates our Community Guidelines.

Details: